[Event "HCL-B224"]
[Site "www.playchess.de"]
[Date "2001.04.11"]
[Round "19"]
[White "donkey"]
[Black "Bauernopfer"]
[WhiteElo "1238"]
[BlackElo "1336"]
[PlyCount "47"]
[Result "1/2-1/2"]

1.d4 d5 2.Nf3 Nc6 3.c4 Nf6 4.cxd5 Qxd5 5.Nc3 Qa5 
6.Bd2 e5 7.e3 exd4 8.exd4 Bb4 9.Bb5 Bd7 10.a3 Bd6 
11.Qe2+ Ne7 12.Ne5 Bxb5 13.Nxb5 Qb6 14.Bg5 Qa5+ 
15.Kf1 a6 16.Nxd6+ cxd6 17.Bxf6 gxf6 18.Nc4 Qc7 
19.Re1 O-O 20.Qg4+ Ng6 21.Ne3 Qb6 22.b4 a5 23.Nc2 
axb4 24.axb4 1/2-1/2

[Event "HCL-C227"]
[Site "www.playchess.de"]
[Date "2001.04.11"]
[Round "8"]
[White "tomku"]
[Black "ROB"]
[WhiteElo "1000"]
[BlackElo "763"]
[PlyCount "41"]
[Result "1-0"]

1.d4 Nf6 2.c4 d5 3.e3 Nc6 4.Nf3 Bg4 5.h3 Bxf3 
6.Qxf3 e6 7.Bd3 Nb4 8.Qe2 Ne4 9.O-O Bd6 10.a3 Nxd3 
11.Qxd3 O-O 12.Nc3 Qh4 13.Nxe4 dxe4 14.Qb3 f5 
15.c5 Be7 16.Qxb7 Rfc8 17.Qc6 Qh6 18.d5 exd5 
19.Qd7 Qf6 20.Qxd5+ Kf8 21.f3 1-0

[Event "HCL-A101"]
[Site "www.playchess.de"]
[Date "2001.04.11"]
[Round "26"]
[White "Lladia"]
[Black "Rifleman"]
[WhiteElo "1700"]
[BlackElo "1497"]
[PlyCount "37"]
[Result "1-0"]

1.e4 {hi there}  e5 2.Nf3 Nc6 {Hello have a good 
game.}  3.d4 {thx :)}  exd4 {:}  4.Bc4 Nf6 5.O-O 
Bc5 6.e5 d5 7.exf6 dxc4 8.fxg7 Rg8 9.Re1+ Be6 
10.Ng5 Qf6 11.Nxe6 fxe6 12.Qh5+ {wowow.. hungreey} 
 Kd7 {Sure got me.}  13.Qxc5 {almost missed this 
chance before}  Rxg7 {Yea I'm playing too many 
games but we will play a little longer.}  14.Nd2 
{everybody, wake up!!}  Rxg2+ {Yea wake up}  
15.Kxg2 {yaikkss..}  Rg8+ {?}  16.Kf1 {you 
startled me}  Qg6 17.Nf3 {you suprised me}  Qg2+ 
{Guess you don't want a draw}  18.Ke2 {:) it's 
interesting to see how i defend defend}  d3+ {Good 
game you got me.Mabe we will play again}  19.cxd3 
{like a war in normandy..}  1-0

[Event "HCL-C230"]
[Site "www.playchess.de"]
[Date "2001.04.11"]
[Round "5"]
[White "Martinio"]
[Black "pajala"]
[WhiteElo "1331"]
[BlackElo "1224"]
[PlyCount "39"]
[Result "1-0"]

1.e4 e5 2.Nf3 d6 3.d4 exd4 4.Nxd4 Nf6 5.Nc3 c5 
6.Nf3 Nc6 7.Bf4 Be7 8.Qd2 O-O 9.O-O-O Be6 10.Bxd6 
Nb4 11.e5 Nd7 12.Bb5 Nb6 13.Qe3 a6 14.Qxc5 Bxd6 
15.Rxd6 Qc8 16.Qxb4 axb5 17.Rxb6 Bxa2 18.b3 Qf5 
19.Kb2 Rfc8 20.Rc1 1-0

[Event "HCL-A102"]
[Site "www.playchess.de"]
[Date "2001.04.11"]
[Round "5"]
[White "Gorodish"]
[Black "mrchess"]
[WhiteElo "1784"]
[BlackElo "1558"]
[PlyCount "104"]
[Result "1/2-1/2"]

1.c4 e5 2.e4 d6 3.h3 Nd7 4.d4 Ngf6 5.Nc3 Be7 6.Nf3 
c6 7.Be3 Qc7 8.Qd2 Nf8 9.d5 Ng6 10.Be2 O-O 11.O-O 
h6 12.Nh2 Nh7 13.f4 exf4 14.Bxf4 Nxf4 15.Qxf4 Qb6+ 
16.Kh1 Qxb2 17.Qc1 Qxc1 18.Raxc1 Bf6 19.Ng4 Bxc3 
20.Rxc3 Bxg4 21.Bxg4 Nf6 22.Rf4 Nxg4 23.Rxg4 Rfe8 
24.Rcg3 g6 25.Rh4 Kg7 26.Kg1 Re5 27.Re3 Rae8 
28.Kf2 cxd5 29.cxd5 Rc8 30.Kf3 b5 31.Rb3 Rb8 
32.Rc3 Rb6 33.Ra3 a6 34.Ke3 g5 35.Rh5 Kg6 36.g4 b4 
37.Rd3 a5 38.h4 f6 39.hxg5 fxg5 40.Rh2 Re7 41.Rd4 
Rc7 42.Rd3 Rb8 43.Kd4 Rbc8 44.Re2 R7c1 45.Rg3 
R8c4+ 46.Ke3 Rf1 47.Rgg2 Rc3+ 48.Kd4 Rd1+ 49.Red2 
Rxd2+ 50.Rxd2 Rg3 51.Rc2 Rxg4 52.Rc6 Rg2 {it is a 
difficult win, i think}  1/2-1/2

[Event "HCL-B238"]
[Site "www.playchess.de"]
[Date "2001.04.11"]
[Round "9"]
[White "pirco"]
[Black "Sixty4"]
[WhiteElo "1500"]
[BlackElo "1661"]
[PlyCount "32"]
[Result "1/2-1/2"]

1.d4 {hi}  Nf6 {Hi, I'm Thomas from Germany.}  
2.c4 {hi, Christian from France, do you play chess 
in club ?}  e6 {No, not any more since 15 years. 
And you?}  3.Bg5 Bb4+ 4.Nc3 h6 5.Bh4 c5 6.d5 exd5 
7.cxd5 d6 8.e3 Bf5 9.Bd3 Bxd3 10.Qxd3 Nbd7 11.Nge2 
O-O 12.O-O Re8 13.a3 Bxc3 14.bxc3 Ne5 15.Qf5 Qd7 
16.Qxd7 Nfxd7 1/2-1/2

[Event "HCL-B237"]
[Site "www.playchess.de"]
[Date "2001.04.11"]
[Round "11"]
[White "sonnygarcia"]
[Black "yxw1"]
[WhiteElo "1117"]
[BlackElo "1200"]
[PlyCount "46"]
[Result "0-1"]

1.e4 e5 2.Nf3 Nc6 3.Bb5 Nf6 4.O-O a6 5.Bxc6 dxc6 
6.d3 c5 7.Nxe5 Qe7 8.Nf3 Be6 9.Nbd2 O-O-O 10.Qe2 
h6 11.Ne5 h5 12.Ndc4 Ng4 13.Nxg4 hxg4 14.Ne5 Qh4 
15.Bf4 Bd6 16.Bg3 Qh5 17.f3 Bxe5 18.Bxe5 Qxe5 
19.Rab1 Qxh2+ 20.Kf2 gxf3 21.Qxf3 Rh3 22.Qe2 Qg3+ 
23.Kg1 Rdh8 0-1

[Event "HCL-B234"]
[Site "www.playchess.de"]
[Date "2001.04.11"]
[Round "9"]
[White "RMil"]
[Black "guanzi"]
[WhiteElo "1200"]
[BlackElo "1200"]
[PlyCount "52"]
[Result "0-1"]

1.e4 e5 2.Nf3 Nc6 3.Nc3 Nf6 4.Bc4 Be7 {hello!}  
5.d4 Bd6 6.Ng5 O-O 7.dxe5 Bxe5 8.Be3 h6 9.Nh3 
Bxc3+ 10.bxc3 Nxe4 11.Bd4 d5 12.Bd3 Bxh3 13.gxh3 
Re8 {Where in USA do you live?}  14.Qg4 Nf6+ 
15.Qe2 {nice move !}  Rxe2+ 16.Bxe2 {I live in 
Florida}  Nxd4 {I live in Stockholm, Sweden.}  
17.O-O-O {must still be rather cold in Stockholm, 
eh??}  Nxe2+ {Yes it is, but springtime is finally 
on it's way! How is life in Florida?}  18.Kb2 
{Florida is slowly warming up, but we still get 
little cold snaps.  Nothing like your cold though. 
:)}  Nf4 19.Rd4 Nxh3 20.Rf1 Ne4 21.f3 c5 22.Ra4 
Nd2 23.Rd1 Nxf3 24.Rh1 Qd6 25.Rf1 Nxh2 26.Rf3 Nxf3 
{You're in a hopeless position, why don't you 
resign?}  0-1

[Event "HCL-C245"]
[Site "www.playchess.de"]
[Date "2001.04.11"]
[Round "7"]
[White "Aldebaran"]
[Black "JRockne"]
[WhiteElo "1000"]
[BlackElo "757"]
[PlyCount "52"]
[Result "0-1"]

1.e4 {Hi, Have a nice game}  e5 {Hello, and thank 
you from Seattle}  2.Nf3 Nc6 3.Bb5 a6 4.Ba4 {hi 
from Catalonia}  Nf6 {Hello, From sunny Seattle, 
USA}  5.d3 Bc5 6.Bg5 O-O 7.O-O b5 8.Bb3 h6 9.a3 
hxg5 10.Nxg5 Nd4 11.Ba2 Ne6 12.Nxe6 dxe6 13.Nc3 
Bb7 14.Qf3 Qe7 15.Rfe1 Rad8 16.Rad1 Rd7 17.Ne2 
Rfd8 18.Ng3 R7d6 19.h3 R8d7 20.Rd2 b4 21.a4 b3 
22.Bxb3 Bb4 23.c3 Bc5 24.Bc2 a5 25.d4 exd4 26.e5 
Bxf3 0-1

[Event "HCL-B247"]
[Site "www.playchess.de"]
[Date "2001.04.11"]
[Round "6"]
[White "takesa"]
[Black "Holger"]
[WhiteElo "1255"]
[BlackElo "1689"]
[PlyCount "25"]
[Result "1-0"]

1.d4 {hej från stockholm}  d5 {Hallo aus Berlin}  
2.c4 Nf6 3.Nc3 e6 4.Nf3 Bb4 5.Bd2 dxc4 6.e3 b5 
7.Nxb5 Bxd2+ 8.Qxd2 a6 9.Nc3 O-O 10.Bxc4 Bb7 
11.Qe2 Nc6 12.O-O Nb4 13.Rac1 1-0

[Event "HCL-B247"]
[Site "www.playchess.de"]
[Date "2001.04.11"]
[Round "10"]
[White "Holger"]
[Black "Whatever"]
[WhiteElo "1689"]
[BlackElo "1505"]
[PlyCount "30"]
[Result "0-1"]

1.d4 {Hallo from Berlin}  Nf6 {Have a nice game.}  
2.Nc3 g6 3.Bg5 Bg7 4.Qd2 O-O 5.h4 d5 6.f3 c6 7.g4 
Nbd7 8.h5 e5 9.hxg6 fxg6 10.O-O-O exd4 11.Nb1 c5 
12.Nh3 Ne5 13.Nf4 Nc4 14.Qe1 Qb6 15.b3 
Ne3 0-1

[Event "ACL-A127"]
[Site "www.playchess.de"]
[Date "2001.04.11"]
[Round "27"]
[White "DIG"]
[Black "MP"]
[WhiteElo "1743"]
[BlackElo "943"]
[PlyCount "39"]
[Result "1-0"]

1.d4 d5 2.Nc3 Nf6 3.Nf3 e6 4.e3 Be7 5.Bb5+ Bd7 
6.O-O O-O 7.Qe2 a6 8.Bd3 c5 9.dxc5 Bxc5 10.e4 dxe4 
11.Nxe4 Be7 12.Nxf6+ Bxf6 13.Qe4 g6 14.Qxb7 Nc6 
15.Be4 a5 16.Bxc6 Bxc6 17.Qxc6 Rc8 18.Qa4 Rc4 
19.Qxc4 Qe7 20.Rd1 1-0

[Event "HCL-A107"]
[Site "www.playchess.de"]
[Date "2001.04.11"]
[Round "11"]
[White "Smelly_Feet"]
[Black "jmcerna"]
[WhiteElo "1800"]
[BlackElo "1550"]
[PlyCount "31"]
[Result "1-0"]

1.d4 {Hi, I'm from Germany. Where are you from?}  
Nf6 {Hi, I'm from Chile (See the flag...)}  2.Nf3 
d6 3.Nc3 Bf5 4.Bg5 Nbd7 5.Nh4 Bg6 6.Nxg6 hxg6 7.d5 
c6 8.e4 cxd5 9.exd5 Qa5 10.Qd2 Rc8 11.Be2 Nb6 
12.Bb5+ Nfd7 13.Qd4 Rh5 14.b4 Qa3 15.Nb1 Rh4 
16.Bxh4 1-0

[Event "HCL-B249"]
[Site "www.playchess.de"]
[Date "2001.04.11"]
[Round "7"]
[White "ronen"]
[Black "victor"]
[WhiteElo "1200"]
[BlackElo "1275"]
[PlyCount "21"]
[Result "1-0"]

1.e4 {hello}  e6 {shalom!}  2.Nf3 {what up?}  b6 
3.c4 Bb7 4.Bd3 c5 5.e5 Ne7 6.O-O d6 7.b3 dxe5 
8.Nxe5 Nd7 9.Nxf7 Kxf7 10.Re1 Ng6 
11.Qh5 1-0

[Event "HCL-B256"]
[Site "www.playchess.de"]
[Date "2001.04.11"]
[Round "3"]
[White "Capablancanot"]
[Black "BlaCkPaWn"]
[WhiteElo "1593"]
[BlackElo "1200"]
[PlyCount "67"]
[Result "1-0"]

1.d4 {Have fun!}  d5 2.c4 e6 3.Nc3 Bb4 4.Nf3 Nf6 
5.Bg5 h6 6.Qa4+ Nc6 7.cxd5 exd5 8.Bh4 Bd7 9.O-O-O 
g5 10.Bg3 Nh5 11.Nxd5 Bd6 12.Bxd6 cxd6 13.e4 Qc8 
14.Kb1 f5 15.Re1 Kd8 16.Qa3 Re8 17.Qxd6 Re6 
18.Qf8+ Be8 19.Qxf5 Qd7 20.h4 Bg6 21.Qf8+ Re8 
22.Qxh6 Bxe4+ 23.Rxe4 Rxe4 24.Qxg5+ Kc8 25.Bd3 
Nxd4 26.Nxd4 Rxd4 27.Bf5 Rxd5 28.Bxd7+ Rxd7 
29.Rc1+ Rc7 30.Qf5+ Kd8 31.Qd5+ Rd7 32.Qg5+ Re7 
33.Rd1+ Ke8 34.Qg8+ 1-0

[Event "HCL-B250"]
[Site "www.playchess.de"]
[Date "2001.04.11"]
[Round "7"]
[White "raqueldouve"]
[Black "Bauernopfer"]
[WhiteElo "1200"]
[BlackElo "1336"]
[PlyCount "48"]
[Result "1/2-1/2"]

1.e4 c5 2.Nf3 Nc6 3.d4 cxd4 4.Nxd4 Nf6 5.Nxc6 bxc6 
6.Qf3 e6 7.Bd3 Bc5 8.Bg5 Qa5+ 9.c3 Bxf2+ 10.Qxf2 
Qxg5 11.O-O O-O 12.Nd2 d5 13.Qf4 Qxf4 14.Rxf4 Rb8 
15.b3 h6 16.Raf1 Rb6 17.Nf3 Ba6 18.Bxa6 Rxa6 
19.exd5 cxd5 20.a4 Rc8 21.Rc1 Rac6 22.c4 dxc4 
23.Rfxc4 R6xc4 24.Rxc4 Rxc4 1/2-1/2

[Event "ACL-A133"]
[Site "www.playchess.de"]
[Date "2001.04.11"]
[Round "16"]
[White "Geoffrey16"]
[Black "raqueldouve"]
[WhiteElo "1742"]
[BlackElo "1500"]
[PlyCount "24"]
[Result "0-1"]

1.e4 e5 2.Nf3 Nc6 3.Bc4 Nf6 4.Ng5 d5 5.exd5 Nxd5 
6.Nxf7 Kxf7 7.Qf3+ Ke6 8.Nc3 Nce7 9.d4 c6 10.Bg5 
exd4 11.Qe4+ Kf7 12.Bxe7 Qxe7 0-1

[Event "HCL-B258"]
[Site "www.playchess.de"]
[Date "2001.04.11"]
[Round "3"]
[White "Nenea_Ender"]
[Black "ChessWorm"]
[WhiteElo "1500"]
[BlackElo "1500"]
[PlyCount "36"]
[Result "0-1"]

1.d4 Nf6 2.c4 g6 3.Nc3 d5 4.e3 Bg7 5.Bd3 O-O 6.Nf3 
Nc6 7.a3 Na5 8.b3 b6 9.Bd2 c5 10.O-O dxc4 11.bxc4 
Bb7 12.Nb5 a6 13.Bxa5 axb5 14.Bc3 Ne4 15.Bxe4 Bxe4 
16.cxb5 Qd5 17.a4 Rfd8 18.Ra3 Bxf3 0-1

[Event "HCL-C249"]
[Site "www.playchess.de"]
[Date "2001.04.11"]
[Round "13"]
[White "MmeAicha"]
[Black "TuffGong"]
[WhiteElo "1000"]
[BlackElo "1082"]
[PlyCount "69"]
[Result "1-0"]

1.e4 e5 2.Nf3 d5 3.exd5 Qxd5 4.Nc3 Qc5 5.d4 exd4 
6.Nxd4 Qe5+ 7.Qe2 Bd6 8.Qxe5+ {vacation untill 
4.4}  Bxe5 {sounds good, see you then}  9.Be3 Bg4 
10.f3 Bh5 {.}  11.Nf5 Nc6 12.Nxg7+ Bxg7 13.O-O-O 
{..}  Nf6 14.g4 Bg6 15.h4 Nb4 16.Rh2 Nfd5 17.Nxd5 
Nxc2 18.Nxc7+ Ke7 19.Bc5+ Kf6 20.Rxc2 Bh6+ 21.g5+ 
Bxg5+ 22.hxg5+ Kxg5 23.Rg2+ Kh6 24.Nxa8 Rc8 25.b4 
b6 26.Rh2+ Kg7 27.Ba6 Rxa8 28.Bd4+ f6 29.Be3 Kg8 
30.Rd6 Re8 31.Bc4+ Kh8 32.Bh6 Re1+ 33.Kd2 Re5 
34.Rxf6 b5 35.Rf8+ 1-0

[Event "HCL-C257"]
[Site "www.playchess.de"]
[Date "2001.04.11"]
[Round "6"]
[White "MEATHEAD"]
[Black "JensAnd"]
[WhiteElo "1030"]
[BlackElo "1313"]
[PlyCount "62"]
[Result "0-1"]

1.e4 c5 2.c3 Nf6 3.d3 Nc6 4.Nf3 e6 5.Na3 d5 6.Bf4 
a6 7.Be2 Be7 8.c4 dxe4 9.dxe4 Qxd1+ 10.Rxd1 Nxe4 
11.O-O Bf6 12.Nb1 Bxb2 13.Ng5 Nxg5 14.Bxg5 O-O 
15.Bf3 Ne5 16.Be4 f6 17.Bh4 Nxc4 18.Nd2 Nxd2 
19.Rfe1 Nxe4 20.Rxe4 Bd4 21.Bg3 b5 22.Bd6 Bb7 
23.Rxe6 Rfd8 24.Bc7 Bxf2+ 25.Kxf2 Rxd1 26.h4 c4 
27.g4 c3 28.Re2 Rc8 29.Ba5 c2 30.Bd2 Rxd2 31.Rxd2 
c1Q {%}  0-1

[Event "HCL-C257"]
[Site "www.playchess.de"]
[Date "2001.04.11"]
[Round "10"]
[White "JensAnd"]
[Black "mdammann"]
[WhiteElo "1313"]
[BlackElo "1100"]
[PlyCount "71"]
[Result "1-0"]

1.e4 {Hi! I look forward to a nice game}  e5 2.Nf3 
d6 3.d4 exd4 4.Nxd4 Nf6 5.Nc3 Qe7 6.Bd3 Bg4 7.f3 
Bd7 8.Bg5 Qe5 9.Be3 c5 10.Ndb5 Nc6 11.f4 Qe7 
12.Nc7+ Kd8 13.Nxa8 Kc8 14.O-O Bg4 15.Qd2 Nb4 
16.a3 Na6 17.Bxa6 bxa6 18.Nd5 Nxd5 19.Qxd5 Qb7 
20.Qxb7+ Kxb7 21.h3 Be2 22.Rf2 Bb5 23.Rd1 Be7 
24.e5 Rxa8 25.exd6 Rd8 26.Rfd2 Bf6 27.R2d5 Be2 
28.R1d2 Bb5 29.c4 Bxc4 30.Rxc5 Ba2 31.Rc7+ Kb8 
32.Bxa7+ Ka8 33.Bb6 Kb8 34.Ra7 Re8 35.d7 Bd8 
36.dxe8Q {%}  1-0

[Event "ACL-A138"]
[Site "www.playchess.de"]
[Date "2001.04.11"]
[Round "26"]
[White "susygusy"]
[Black "jalal"]
[WhiteElo "1500"]
[BlackElo "1426"]
[PlyCount "37"]
[Result "1-0"]

1.e4 {good luck}  e6 {same}  2.d3 Nc6 3.Nd2 Bc5 
4.Be2 Nf6 5.h3 d5 6.Ngf3 e5 7.c3 O-O 8.O-O a6 
9.Qc2 h6 10.Re1 Bd6 11.Nf1 Ne7 12.Ng3 c5 13.d4 
Nxe4 14.Nxe4 dxe4 15.Qxe4 f5 16.Qh4 e4 17.Bc4+ Kh8 
18.Bxh6 Ng6 19.Qh5 1-0

[Event "HCL-C261"]
[Site "www.playchess.de"]
[Date "2001.04.11"]
[Round "5"]
[White "trebli"]
[Black "MEATHEAD"]
[WhiteElo "999"]
[BlackElo "1030"]
[PlyCount "64"]
[Result "0-1"]

1.e4 e5 2.d3 d6 3.Nc3 Nc6 4.Nf3 Nf6 5.Be2 Nd4 
6.O-O c6 7.Be3 Nxe2+ 8.Qxe2 Bg4 9.h3 Bxf3 10.Qxf3 
d5 11.exd5 cxd5 12.d4 Bd6 13.Nxd5 Nxd5 14.Qxd5 Qf6 
15.Rae1 O-O 16.a4 Rad8 17.Bd2 exd4 18.Bg5 Bb4 
19.Bxf6 Rxd5 20.Re4 gxf6 21.Rg4+ Kh8 22.f4 d3 
23.cxd3 Rxd3 24.f5 Bc5+ 25.Kh2 Rd2 26.a5 Bd6+ 
27.Kh1 Rxb2 28.Rh4 Rg8 29.Rg1 Bc5 30.Rd1 Rbxg2 
31.Rh6 Bg1 32.Rxg1 R2xg1+ 0-1

[Event "HCL-C243"]
[Site "www.playchess.de"]
[Date "2001.04.11"]
[Round "15"]
[White "alexander"]
[Black "Yurispb"]
[WhiteElo "1000"]
[BlackElo "1001"]
[PlyCount "40"]
[Result "0-1"]

1.e4 c5 2.c3 Nf6 3.e5 Nd5 4.c4 Nb6 5.b3 Nc6 6.f4 
e6 7.g3 d5 8.d3 dxc4 9.bxc4 Qd4 10.Ne2 Qxa1 11.Na3 
Nd4 12.Bg2 Nxe2 13.Nb5 Nxc1 14.a3 Nxd3+ 15.Kd2 
Nxc4+ 16.Kxd3 Nb2+ 17.Kd2 Nxd1 18.Nd6+ Ke7 19.Ne4 
Qd4+ 20.Ke2 Bd7 0-1

[Event "HCL-B270"]
[Site "www.playchess.de"]
[Date "2001.04.11"]
[Round "7"]
[White "Tsiounis"]
[Black "TAJNI_DOBROVOLJCI"]
[WhiteElo "1500"]
[BlackElo "1500"]
[PlyCount "21"]
[Result "1/2-1/2"]

1.d4 Nf6 {hi...and good luck!}  2.Nf3 {you too!}  
e6 3.Nc3 d5 4.Bg5 Be7 5.Qd3 a6 6.e4 h6 7.Bxf6 Bxf6 
8.e5 Be7 9.Be2 O-O 10.O-O-O c5 11.dxc5 {i must go 
now!please accept my draw!}  1/2-1/2

[Event "HCL-B270"]
[Site "www.playchess.de"]
[Date "2001.04.11"]
[Round "8"]
[White "SAROS"]
[Black "Tsiounis"]
[WhiteElo "1260"]
[BlackElo "1500"]
[PlyCount "20"]
[Result "1/2-1/2"]

1.e4 {Hi dear Greek friend.}  e5 {hi good luck my 
friend!}  2.Nf3 {i lived Gallipoli for 5 years and 
listened Greek music.I enjoyed it much.}  Nc6 
{ok!I like turkish too}  3.Bb5 {nice}  d6 4.Bxc6+ 
bxc6 5.c3 Bg4 6.d3 Nf6 7.Nbd2 Be7 8.Qa4 Qd7 9.h3 
Be6 10.Ng5 c5 {i must go now!please accept my 
draw!}  1/2-1/2

[Event "HCL-C259"]
[Site "www.playchess.de"]
[Date "2001.04.11"]
[Round "32"]
[White "Trickster"]
[Black "Unsui"]
[WhiteElo "881"]
[BlackElo "199"]
[PlyCount "26"]
[Result "0-1"]

1.d4 e6 2.e4 d5 3.exd5 exd5 4.Nc3 Nf6 5.Bf4 Bd6 
6.Qe2+ Be6 7.Bg5 Nc6 8.Qe3 Nb4 9.Qd2 h6 10.Bxf6 
Qxf6 11.Nb5 Nc6 12.O-O-O O-O 13.Bd3 
Bf4 0-1

[Event "HCL-C266"]
[Site "www.playchess.de"]
[Date "2001.04.11"]
[Round "14"]
[White "patzyman"]
[Black "Kakourim"]
[WhiteElo "1000"]
[BlackElo "1000"]
[PlyCount "20"]
[Result "1/2-1/2"]

1.e4 d5 2.exd5 Nf6 3.d4 Nxd5 4.Nf3 Nc6 5.Bc4 Nb6 
6.Bb3 e6 7.Bf4 g6 8.O-O Bg7 9.c3 O-O 10.Nbd2 Re8 
{i must go now!please accept my draw!} 
 1/2-1/2

[Event "HCL-A109"]
[Site "www.playchess.de"]
[Date "2001.04.11"]
[Round "13"]
[White "easykiller"]
[Black "Tinho"]
[WhiteElo "1631"]
[BlackElo "1846"]
[PlyCount "76"]
[Result "0-1"]

1.d4 {Hi from Slovakia}  d5 {Hi}  2.Nf3 Nf6 3.c4 
c6 4.cxd5 cxd5 5.Nc3 Nc6 6.Bf4 Bf5 7.e3 e6 8.h3 
Bd6 9.Bxd6 Qxd6 10.Bb5 O-O 11.Bxc6 Qxc6 12.O-O 
Rac8 13.Ne5 Qa6 14.Qb3 Ne4 15.Nxe4 Bxe4 16.Rfc1 b6 
17.Rc6 f6 18.Rxc8 Rxc8 19.Ng4 Rc2 20.Qb4 h5 21.Qe7 
Qc8 22.Nxf6+ gxf6 {Wow!}  23.Qxf6 {Yeah, we will 
see...}  Qe8 24.f3 Bf5 25.g4 hxg4 26.hxg4 Bd3 
27.b4 Qf7 28.Qg5+ Bg6 29.f4 Kg7 30.a4 Qf6 31.Qxf6+ 
Kxf6 32.b5 Be4 33.g5+ Kf5 34.a5 Rb2 35.axb6 axb6 
36.Ra8 Kg4 37.Rg8 Kg3 38.Kf1 Kf3 0-1

[Event "HCL-A109"]
[Site "www.playchess.de"]
[Date "2001.04.11"]
[Round "14"]
[White "Tinho"]
[Black "Whatever"]
[WhiteElo "1846"]
[BlackElo "1544"]
[PlyCount "49"]
[Result "1/2-1/2"]

1.e4 c5 {Have a good game.}  2.Nf3 {Thanks, same 
for you}  Nc6 3.d4 cxd4 4.Nxd4 g6 5.c4 Bg7 6.Be3 
Nf6 7.Nc3 O-O 8.Be2 d6 9.O-O Bd7 10.f4 Rc8 11.Rc1 
a6 12.Qd2 Nxd4 13.Bxd4 Bc6 14.Qe3 Nd7 15.Nd5 e6 
16.Nb4 Bxd4 17.Qxd4 Qb6 18.Qxb6 Nxb6 19.Nxc6 Rxc6 
20.b3 Rd8 21.Bf3 Rc7 22.Rcd1 Rcd7 23.Rd2 Kf8 
24.Rfd1 Ke7 25.Kf2 1/2-1/2

[Event "ACL-A139"]
[Site "www.playchess.de"]
[Date "2001.04.11"]
[Round "2"]
[White "plobi"]
[Black "Sitsa"]
[WhiteElo "1465"]
[BlackElo "1500"]
[PlyCount "20"]
[Result "1/2-1/2"]

1.c4 e5 2.Nc3 Nf6 3.e4 d6 4.Nf3 Nbd7 5.g3 c6 6.d4 
Be7 7.d5 c5 8.Bh3 O-O 9.O-O Re8 {i must go 
now!please accept my draw!}  10.Be3 {we need one 
more move that the game is valid!! sorry ...}  a6 
{i must go now!please accept my draw!} 
 1/2-1/2

[Event "HCL-B273"]
[Site "www.playchess.de"]
[Date "2001.04.11"]
[Round "35"]
[White "SAROS"]
[Black "jefersonmello"]
[WhiteElo "1266"]
[BlackElo "1269"]
[PlyCount "35"]
[Result "1/2-1/2"]

1.e4 {Hello from Istanbul}  e5 {hi from Rio de 
Janeiro. Good Game!}  2.Nf3 Nc6 3.Bb5 Nge7 4.c3 d6 
5.d4 Bd7 6.d5 Nb8 7.Bxd7+ Nxd7 8.b4 h6 9.O-O Ng6 
10.a4 Rc8 11.a5 Be7 12.Be3 b6 13.axb6 axb6 14.Nbd2 
Ra8 15.Rxa8 Qxa8 16.Qb1 O-O 17.Qb2 Qb7 
18.Ra1 1/2-1/2

[Event "HCL-E048"]
[Site "www.playchess.de"]
[Date "2001.04.11"]
[Round "19"]
[White "tihi"]
[Black "Zynaps"]
[WhiteElo "2000"]
[BlackElo "2000"]
[PlyCount "64"]
[Result "1/2-1/2"]

1.e4 c6 2.d4 d5 3.Nc3 dxe4 4.Nxe4 Nd7 5.Bc4 Ngf6 
6.Ng5 e6 7.Qe2 Nb6 8.Bd3 h6 9.N5f3 c5 10.dxc5 Bxc5 
11.Ne5 Nbd7 12.Ngf3 Qc7 13.O-O O-O 14.Bd2 Bd6 
15.Nxd7 Bxd7 16.Rae1 Rfd8 17.Ne5 Bb5 18.Bxb5 Bxe5 
19.Qxe5 Qxe5 20.Rxe5 Rxd2 21.Bd3 Rc8 22.Ree1 Nd5 
23.Red1 Rxd1 24.Rxd1 Kf8 25.c3 Ke7 26.Kf1 Rc7 
27.Ke1 a6 28.a4 Nb6 29.Ra1 Nc4 30.Bxc4 Rxc4 31.Kd2 
a5 32.b3 Rc5 1/2-1/2

[Event "HCL-A127"]
[Site "www.playchess.de"]
[Date "2001.04.11"]
[Round "5"]
[White "Whatever"]
[Black "One_i"]
[WhiteElo "1535"]
[BlackElo "1709"]
[PlyCount "68"]
[Result "0-1"]

1.e4 {Hello there. Have a good game.}  d5 {Hi 
again,good luck}  2.exd5 Nf6 3.c4 e6 4.dxe6 Bxe6 
5.Nf3 Nc6 6.Be2 Bc5 7.O-O O-O 8.Nc3 Re8 9.d3 Nd4 
10.Nxd4 Bxd4 11.Be3 c6 12.Re1 Bf5 13.Qd2 Qd7 14.h3 
Rad8 15.Rad1 Bxe3 16.fxe3 Qe6 17.Bf1 Qd7 18.d4 Ne4 
19.Nxe4 Rxe4 20.Bd3 Rh4 21.Bxf5 Qxf5 22.Qf2 Qh5 
23.e4 g5 24.Qf5 Rf4 25.Qa5 Re8 26.e5 g4 27.Qc3 Re6 
28.Rd3 Rg6 29.Rg3 gxh3 30.Rxg6+ Qxg6 31.Qxh3 Rxd4 
32.Qc8+ Kg7 33.Qxb7 Rd2 34.Qxf7+ {I thought that 
34.e6 would give me either Qf7}  
Qxf7 0-1

[Event "HCL-C279"]
[Site "www.playchess.de"]
[Date "2001.04.11"]
[Round "35"]
[White "ZenPuppie"]
[Black "prankster_mc"]
[WhiteElo "897"]
[BlackElo "1000"]
[PlyCount "25"]
[Result "1-0"]

1.d4 d5 2.Nc3 f5 3.Nf3 e6 4.e4 dxe4 5.Ne5 g6 6.Bf4 
Bb4 7.Qd2 c5 8.a3 Bxc3 9.Qxc3 cxd4 10.Qg3 h6 
11.Qxg6+ Ke7 12.Qg7+ Ke8 13.Qf7+ 1-0

[Event "ACL-A153"]
[Site "www.playchess.de"]
[Date "2001.04.11"]
[Round "9"]
[White "THEGREENMILE"]
[Black "starcity"]
[WhiteElo "1391"]
[BlackElo "1500"]
[PlyCount "28"]
[Result "0-1"]

1.e4 e5 2.f4 exf4 {kings gambit... i've never 
played before}  3.Nf3 d6 4.d4 Nf6 5.Nc3 Bg4 6.Bxf4 
Nbd7 7.Bc4 Qe7 8.O-O O-O-O 9.Re1 Re8 10.a4 Nb6 
11.Qd3 Bxf3 12.gxf3 Nh5 13.Be3 Qf6 14.f4 
Nxf4 0-1

[Event "HCL-C276"]
[Site "www.playchess.de"]
[Date "2001.04.11"]
[Round "16"]
[White "esad"]
[Black "Lukas"]
[WhiteElo "1802"]
[BlackElo "542"]
[PlyCount "80"]
[Result "0-1"]

1.e4 c5 2.Bc4 e6 3.d3 Nc6 4.Nf3 a6 5.O-O b5 6.Bb3 
Na5 7.Qe2 Nxb3 8.cxb3 Bb7 9.h3 Qc7 10.Be3 Nf6 
11.Rc1 Rc8 12.b4 d6 13.d4 c4 14.Rc3 Nxe4 15.Rc2 
Be7 16.Nbd2 O-O 17.Rac1 Nxd2 18.Bxd2 Bxf3 19.Qxf3 
Qc6 20.Qg3 Qd5 21.Bh6 Qxd4 22.Rd2 Qf6 23.Bf4 e5 
24.Be3 Qg6 25.Qxg6 fxg6 26.Rdc2 d5 27.b3 Bxb4 
28.bxc4 Rxc4 29.Kf1 Rfc8 30.R2xc4 Rxc4 31.Rxc4 
bxc4 32.Ke2 d4 33.Bc1 d3+ 34.Kd1 Kf7 35.a3 Bc5 
36.f3 Ke6 37.Kd2 Kd5 38.Kc3 Bd4+ 39.Kb4 c3 40.Kb3 
d2 0-1

[Event "ACL-A154"]
[Site "www.playchess.de"]
[Date "2001.04.11"]
[Round "4"]
[White "Unlive666"]
[Black "morphy"]
[WhiteElo "1500"]
[BlackElo "1500"]
[PlyCount "30"]
[Result "0-1"]

1.Nf3 d5 2.d4 c6 3.Nc3 Nf6 4.Bf4 Nbd7 5.Qd2 e6 
6.O-O-O Bb4 7.e3 Ne4 8.Qe1 Qa5 9.Rd3 Nb6 {How is 
the weather where you live?  It is finally warming 
up here.}  10.Ng5 Na4 {I see..............}  11.a3 
Naxc3 12.bxc3 Qxa3+ 13.Kd1 Nxc3+ 14.Kd2 Qb2 15.Qc1 
Na2+ 0-1

[Event "HCL-C277"]
[Site "www.playchess.de"]
[Date "2001.04.11"]
[Round "17"]
[White "Coney"]
[Black "YoYo"]
[WhiteElo "1167"]
[BlackElo "1377"]
[PlyCount "76"]
[Result "1/2-1/2"]

1.d4 Nf6 2.c4 e6 3.Nc3 d5 4.Bg5 Nbd7 5.e3 Bb4 
6.Qc2 c5 7.dxc5 dxc4 8.Bxc4 Bxc5 9.Rd1 O-O 10.Bxf6 
Qxf6 11.Ne4 Qe7 12.Bd3 Bb4+ 13.Nc3 Nf6 14.Nf3 Bd7 
15.a3 Bxc3+ 16.Qxc3 Bc6 17.Be2 Rac8 18.Qd4 a6 
19.O-O Rfd8 20.Qf4 Qc5 21.Rdc1 Qb6 22.b4 Bb5 
23.Bxb5 Qxb5 24.Rca1 Qd3 25.Ne5 Qd6 26.Nf3 Qxf4 
27.exf4 Nd5 28.g3 Rc3 29.Ne5 f6 30.Ng4 Nb6 31.Rfe1 
Kf7 32.Re3 Rc2 33.Ree1 Rd3 34.a4 Rcc3 35.Rec1 Nd5 
{Draw is at the corner...}  36.Rxc3 Rxc3 37.b5 f5 
38.Ne5+ Ke7 {nothing to do .gg} 
 1/2-1/2